| 000 | 00553nam a2200181 a 4500 | ||
|---|---|---|---|
| 001 | 5456 | ||
| 003 | CDMR | ||
| 005 | 20151102140002.0 | ||
| 008 | 130130s2000||||||||||||||||||||||||||||d | ||
| 040 |
_aCDMR _bcat _cCPC GIRONA |
||
| 240 | _aPremsa gràfica Girona | ||
| 245 | 0 | 0 | _aPremsa gràfica Girona 99 |
| 260 |
_c2000 _bCol·legi de Periodistes de Catalunya. Demarcació de Girona _aGirona |
||
| 300 |
_a31 p. _bil. |
||
| 650 | 0 | 4 |
_91270 _aFotoperiodisme |
| 710 | 2 |
_995 _aCol·legi de Periodistes de Catalunya _b -- Demarcació de Girona |
|
| 942 |
_cMON _2udc |
||
| 999 |
_c5456 _d5456 |
||